| 000 | 00437nam a2200181Ia 4500 | ||
|---|---|---|---|
| 001 | 4820 | ||
| 005 | 20260306145823.0 | ||
| 008 | 260306t2008||||xx |||||||||||||| ||spa|| | ||
| 041 | _aESP | ||
| 082 |
_a330.34 _bS13 |
||
| 100 |
_aSachs, Jeffrey [1954-...] _eAUT |
||
| 245 | 0 | _aEconomía para un planeta abarrotado | |
| 260 | _c2008 | ||
| 300 |
_a528 páginas : _c23 cm. |
||
| 650 | _aGEN | ||
| 654 | _aCAN | ||
| 942 |
_cLIB _dJUS _fJUS _2ddc _n |
||
| 999 |
_c4820 _d4820 |
||